000 00718nam a22002174a 4500
005 2010081100240.0
010 _aENG-99512
020 _c75.00
_a9788190752510
035 _aEN-83044
037 _bDBAD/PUB
082 _a658
100 _aA. Dhanalakshmi
_911158
245 _aSpiritual values and business management /
_cby A. Dhanalakshmi
260 _aChennai
_bOzone Books
_c2008
270 _bChennai
_a138, Sayee Nagar 3rd Street, Virugambakkam
_e600092
300 _a176 p.
_c22cm (Pbk)
500 _aIncludes bibliographical references
700 _910698
942 _2ddc
_cEN
_mADH
_h658
999 _c41077
_d41077